British Cities By Picture - Statistics

General Stats
  • This quiz has been taken 18 times
  • The average score is 10 of 12
Answer Stats
Picture Answer % Correct
Liverpool
100%
London
100%
Bath
94%
Edinburgh
94%
Oxford
94%
Cambridge
88%
Manchester
82%
Birmingham
76%
Bristol
76%
Brighton
71%
Glasgow
65%
Cardiff
59%
No matching quizzes found
Score Distribution
Percent of People with Each Score
Percentile by Number Answered
Your Score History
You have not taken this quiz